000 00588nam a2200169 4500
001 144414
003 ES-MaACL
005 20230906201019.0
007 t|
008 070214s1966 sp r ||||1| spa d
100 1 _aSiri, José.
_9106677
245 1 3 _aEl rejuvenecimiento de la Iglesia /
_cCardenal José Siri ; [versión al español por D. Ramón Ferrer Albero].
260 _aMadrid :
_bEd. Paulinas,
_c1966 (
_eSan Fernando de Henares :
_fPía Sociedad de S. Pablo)
300 _a90 p. ;
_c22 cm.
700 1 _aFerrer Albero, Ramón.
_950441
852 _aES-MaACL
_jC-29101
_bR.59598
999 _c144414
_d144414